| 000 | 00522nam a2200193 a 4500 | ||
|---|---|---|---|
| 005 | 20210219152830.0 | ||
| 008 | 991125n 000 0 spa u | ||
| 035 | _aUPN01000062689 | ||
| 100 | _aGRIMALDI, Rosario | ||
| 222 | _aREVISTA DE LA EDUCACION SUPERIOR | ||
| 245 | _aAcerca del compromiso de la filosofĂa | ||
| 300 | _a109-115 | ||
| 362 | _a1987 Vol. XVI, no. 2(62), abr.-jun. | ||
| 653 | 0 | _aFILOSOFIA | |
| 653 | 0 | _aHOMBRE | |
| 653 | 0 | _aPROCESO DE PENSAMIENTO | |
| 904 |
_aAC _b000500 |
||
| 905 | _aArticulo | ||
| 999 |
_c61813 _d61813 |
||